Biblioteca

Martin Heidegger : (Registro nro. 65704)

Detalles MARC
000 -LÍDER
Campo fijo de descripción fija 01714nam a2200349 i 4500
001 - NÚMERO DE CONTROL
Campo de control 768714001
003 - IDENTIFICADOR DEL NÚMERO DE CONTROL
Campo de control CO-MdFUSB
005 - FECHA Y HORA DE LA ULTIMA TRANSACCIÓN
control field 20240725170836.0
007 - CAMPO FIJO DE DESCRIPCIÓN FIJA--INFORMACIÓN GENERAL
Campo fijo de descripción fija ta
008 - ELEMENTOS DE LONGITUD FIJA -- INFORMACIÓN GENERAL
Campo fijo de descripción fija -- Información general 200418t2001 enk |||| |||| 00| 0 ger d
020 ## - NÚMERO INTERNACIONAL NORMALIZADO PARA LIBROS
Número Internacional Normalizado del libro 3825219755
040 ## - FUENTE DE CATALOGACIÓN
Agencia de catalogación original CO-MdFUSB
Idioma de catalogación spa
Agencia que realiza la transcripción CO-MdFUSB
Agencia que realiza la modificación CO-MdFUSBC
Convenciones de la descripción rda
041 ## - CÓDIGO DE IDIOMA
Código de idioma para texto/pista de sonido o título separado eng
082 ## - NÚMERO DE CLASIFICACIÓN DECIMAL DEWEY
Número de la edición del Dewey 23
Número de clasificación 193
Clave de autor-Numero de item L941
100 ## - ASIENTO PRINCIPAL--NOMBRE PERSONAL
Nombre personal Luckner, Andreas.
Término relacionador autor
245 ## - TÍTULO
Título del Material Martin Heidegger :
Parte restante del título - Subtitulo »Sein und Zeit«
Mención de responsabilidad, etc. / Andreas Luckner
264 #1 - PRODUCCIÓN, PUBLICACIÓN, DISTRIBUCIÓN, MANUFACTURA, Y COPYRIGHT
Lugar de producción, publicación, distribución, manufactura Alemania :
Nombre del productor, publicador, distribuidor F. Schöningh,
Fecha de producción, publicación, distribución, manufactura, o copyright [2001]
264 #4 - PRODUCCIÓN, PUBLICACIÓN, DISTRIBUCIÓN, MANUFACTURA, Y COPYRIGHT
Fecha de producción, publicación, distribución, manufactura, o copyright ©2001
300 ## - DESCRIPCIÓN FÍSICA
Extensión 191 páginas
Dimensiones ; 23 cm
336 ## - TIPO DE CONTENIDO
Fuente rdacontent
Término de tipo de contenido texto
Código de tipo de contenido txt
337 ## - TIPO DE MEDIO
Fuente rdamedia
Nombre del tipo de medio sin mediación
Código del tipo de medio n
338 ## - TIPO DE SOPORTE
Fuente rdacarrier
Nombre del tipo de soporte volumen
Código Tipo de soporte nc
490 ## - MENCIÓN DE SERIE
Mención de serie UTB für Wissenschaft : Uni-Taschenbücher,
505 ## - NOTA DE CONTENIDO
Título Primera parte: El análisis fundamental preparatorio de la existencia:
Nota de contenido con formato preestablecido La exposición de la tarea de un análisis preparatorio de la existencia. -- El ser en el mundo en general como constitución básica de la existencia. -- La mundanalidad del mundo. -- Ser-en-el-mundo como ser-con y sí mismo. "El hombre". -- Estar-en como tal. -- El cuidado como ser del estar allí.
505 ## - NOTA DE CONTENIDO
Título Segunda parte: Existencia y tiempo:
Nota de contenido con formato preestablecido La posible totalidad de la existencia y el ser hasta la muerte. -- El testimonio existencial de una realidad. -- La capacidad real de ser total en la existencia y la temporalidad como sentido ontológico del cuidado. -- Temporalidad y cotidianidad. -- Temporalidad e historicidad. -- Temporalidad e interior-temporalidad como origen del concepto vulgar del tiempo.
563 ## - NOTA DE ENCUADERNACIÓN
Nota de encuadernación Rústico
653 ## - TÉRMINO DE INDIZACIÓN - NO CONTROLADO
Término no controlado Ontología
653 ## - TÉRMINO DE INDIZACIÓN - NO CONTROLADO
Término no controlado Heidegger, Martin.
942 ## - TIPO DE MATERIAL (KOHA)
Tipo de Item KOHA Libros General
945 ## - INFORMACIÓN LOCAL DEL REGISTRO
Catalogador JTF-925
Existencias
Estado de Material Estado de Perdido Forma de Clasificación Estado de Dañado No para Préstamo Colección Biblioteca de Origen Biblioteca Permanente Fecha de Adquisición Forma de Adquisición Área Total de Préstamos Signatura Topográfica Código de Barras Última vez visto Ejemplar/Existencia Fecha de Remplazo Tipo de Material
    Dewey Decimal Classification     Colección General Biblioteca FUSBC Biblioteca FUSBC 18/04/2020 Donación Nottingham LITERATURA   G 193 L941m 24559 18/04/2020 Ej.1 18/04/2020 Libros General

Biblioteca FUSBC | Teléfono: (57+4) 349 88 10 Ext. 141| WhatsApp (+57) 3005338115 
E-mail: biblioteca@unisbc.edu.co | Calle 76 87-14 Robledo Palenque, Medellín, Colombia

Con tecnología Koha